000
00293nam a2200109 4500
999
_c
508874
_d
508874
082
_a
L1x5432 1973-74
100
_a
India. Finance Department
_9
1479
245
_a
Budget, Haryana, 1973-74
_c
by Finance Department
260
_a
Chandigarh
_b
Government Press
_c
1974
300
_a
v.p.
942
_2
ddc